Wird geladen...

ആനയെപ്പോലെ ഞാനും

Bibliographische Detailangaben
Hauptverfasser: പി ഐ ശങ്കരനാരായണന്‍, P I Sankaranarayanan
Format: Printed Book
Veröffentlicht: Cochi; Navamana; 2000
Ausgabe:1st
Schlagworte:
LEADER 00870nam a22001937a 4500
082 |a 808.068  |b SAN/A 
100 |a പി ഐ ശങ്കരനാരായണന്‍  |9 104293 
100 |a P I Sankaranarayanan  |9 44272 
240 |a Anayepole Njanum 
245 |a ആനയെപ്പോലെ ഞാനും 
250 |a 1st 
260 |a Cochi;  |b Navamana;  |c 2000 
300 |a 48p. 
650 |a മലയാളം; ബാലസാഹിത്യം   |9 104320 
650 |a  Malayalam; Childrens-Literature  |9 104321 
942 |c BK 
999 |c 53549  |d 53549 
952 |0 0  |1 0  |4 0  |6 808_068000000000000_SAN_A  |7 0  |8 CHIL  |9 63602  |a MAL  |b MAL  |d 2016-05-24  |e 45948  |g 33.00  |l 0  |o 808.068 SAN/A  |p MAL045948  |r 2016-05-24  |t 1  |w 2016-05-24  |y BK 
952 |0 0  |1 0  |4 0  |6 808_068000000000000_SAN_A  |7 0  |8 CHIL  |9 63603  |a MAL  |b MAL  |d 2016-05-24  |e 45949  |g 33.00  |l 0  |o 808.068 SAN/A  |p MAL045949  |r 2016-05-24  |t 2  |w 2016-05-24  |y BK